Βιβλιογραφία κυπριακών σύμμεικτων Α' : (1905-1970)

Αποθηκεύτηκε σε:
Λεπτομέρειες βιβλιογραφικής εγγραφής
Κύριος συγγραφέας: Παναγιώτου, Νίκος
Μορφή: Βιβλίο
Γλώσσα:Greek
Δημοσίευση: Λευκωσία : [χ.ό.], 1987
Ετικέτες: Προσθήκη ετικέτας
Δεν υπάρχουν, Καταχωρήστε ετικέτα πρώτοι!

MARC

LEADER 00000nam a2200000 i 4500
001 1/18732
008 010320s1987 gre d
035 |l 10066595 
040 |a GR-MY-UA  |b gre  |e aacr 
041 0 |a gre 
082 0 |a Π 015.5693 
100 1 |a Παναγιώτου, Νίκος. 
245 1 0 |a Βιβλιογραφία κυπριακών σύμμεικτων Α' :  |b (1905-1970) /  |c Νίκος Παναγιώτου 
260 |a Λευκωσία :   |b [χ.ό.],   |c 1987 
300 |a 44 σ.;  |c 21 εκ. 
852 |a INST  |b RHODES  |e 20010320  |h 015.5693 ΠΑΝ  |p 005400010263  |q 005400010263  |t REF  |y 23 
909 |a Ρ  |b 024595 
922 |a 4ΔΩΡ  |b 199302  |c ΔΩΡΕΑ 
970 |a ΚΟΥΛΑΚΙΟΤΗ  |b ΛΙΤΣΑ  |z 2001/03/20